[Event "London Mindsports rapid op 4th"]
[Site "London"]
[Date "2024.07.19"]
[Round "5"]
[White "Cheng, Tsz In"]
[Black "Sood, Vineet"]
[Result "1-0"]
[WhiteElo "1603"]
[BlackElo "1817"]
[PlyCount "88"]
[EventDate "2024.07.19"]
[EventType "swiss (rapid)"]
[EventRounds "5"]
[EventCountry "ENG"]
[SourceTitle "CBM 221 Extra"]
[Source "ChessBase"]
[SourceDate "2024.09.30"]
[SourceVersion "1"]
[SourceVersionDate "2024.09.30"]
[SourceQuality "1"]

1. d4 Nf6 2. Bg5 d5 3. Bxf6 exf6 4. e3 Bd6 5. g3 0-0 6. Bg2 c6 7. Ne2 Bf5 8. 0-0 Qe7 9. b3 Re8 10. c4 Be4 11. Nbc3 Bxg2 12. Kxg2 Nd7 13. Qd3 dxc4 14. bxc4 Rad8 15. Rab1 b6 16. a4 Bc7 17. Rfd1 Ne5 18. Qe4 Nxc4 19. Qxc6 Na5 20. Qb5 Nb7 21. Qc6 Bb8 22. Rbc1 Na5 23. Qb5 Rc8 24. Kg1 Qb7 25. d5 Nc4 26. Nd4 Ne5 27. Nce2 Rcd8 28. Nc6 Rc8 29. Ned4 a6 30. Qb3 Qd7 31. Qxb6 Qh3 32. Qxa6 Ng4 33. Nf3 h5 34. Ne7+ Kh7 35. Rxc8 Rxe7 36. Qd3+ g6 37. Rxb8 h4 38. Qf1 Qxf1+ 39. Kxf1 hxg3 40. hxg3 Kg7 41. d6 Rd7 42. Rb7 Rxb7 43. d7 Rb8 44. d8Q Rxd8 1-0

[Event "London Mindsports rapid op 4th"]
[Site "London"]
[Date "2024.07.19"]
[Round "4"]
[White "Sood, Vineet"]
[Black "Varghese, David"]
[Result "0-1"]
[WhiteElo "1817"]
[BlackElo "1521"]
[PlyCount "48"]
[EventDate "2024.07.19"]
[EventType "swiss (rapid)"]
[EventRounds "5"]
[EventCountry "ENG"]
[SourceTitle "CBM 221 Extra"]
[Source "ChessBase"]
[SourceDate "2024.09.30"]
[SourceVersion "1"]
[SourceVersionDate "2024.09.30"]
[SourceQuality "1"]

1. e4 c5 2. Nc3 e6 3. g3 d6 4. Bg2 Nf6 5. Nge2 Be7 6. 0-0 0-0 7. h3 Nc6 8. d3 h6 9. f4 Re8 10. g4 d5 11. e5 Nh7 12. Ng3 f6 13. exf6 Bxf6 14. Nh5 Bd4+ 15. Kh1 Nf6 16. Ng3 e5 17. Nce2 Nxg4 18. Nxd4 exd4 19. hxg4 Qh4+ 20. Kg1 Qxg3 21. f5 Ne5 22. Bf4 Qxg4 23. Qxg4 Nxg4 24. Bxd5+ Kh8 0-1